Prospectus and list of members with list of publications and maps
Bewaard in:
| Coauteur: | |
|---|---|
| Formaat: | Boek |
| Taal: | Engels |
| Gepubliceerd in: |
Londres
Hakluyt Society
1934
|
| Editie: | 1a. ed |
| Onderwerpen: | |
| Tags: |
Voeg label toe
Geen labels, Wees de eerste die dit record labelt!
|
MARC
| LEADER | 00000nam a2200000 a 4500 | ||
|---|---|---|---|
| 001 | UCJ5759 | ||
| 003 | CL-VaPUC | ||
| 008 | 070124e19340000UK |||||||||||||||||eng|d | ||
| 082 | 0 | 4 | |a 910.4 |b HAK |2 21 |
| 110 | 2 | |a Hakluyt Society |e author |9 511470 | |
| 245 | 1 | 0 | |a Prospectus and list of members with list of publications and maps |
| 250 | |a 1a. ed | ||
| 300 | |a lv p | ||
| 942 | |c BK | ||
| 945 | |d 20070124 00:00:00 |a rinostro | ||
| 260 | |a Londres |b Hakluyt Society |c 1934 | ||
| 650 | 0 | |a Viajes |9 257115 | |
| 650 | 7 | |a BIBLIOGRAFIA |2 CL-VaPUC |9 256175 | |
| 650 | 7 | |a SOCIEDADES DOCTAS |2 CL-VaPUC |9 508648 | |
| 583 | |a last modification |c 20070124 00:00:00 |k Rodrigo Vera | ||
| 999 | |c 321868 |d 321866 | ||
| 952 | |0 0 |1 0 |4 0 |6 910_400000000000000_HAK_1934 |7 0 |8 X |9 400739 |a FDOBUD |b FDOBUD |d 2019-11-22 |i 1039059 |o 910.4 HAK 1934 |p 1039059 |r 2019-11-22 |w 2019-11-22 |y BK_X |k BUD | ||